Filos del reino animal ordenados alfabéticamente - Estadísticas

Estadísticas generales
  • Esta prueba ha sido intentada 18 veces
  • La puntuación promedio es 18 de 31
Estadísticas de respuestas
Imagen Respuesta % Correcto
Annelida
100%
Arthropoda
92%
Chordata
77%
Cnidaria
69%
Ctenophora
69%
Platyhelminthes
69%
Tardigrada
69%
Brachiopoda
62%
Echinodermata
62%
Mollusca
62%
Nematoda
62%
Onychophora
62%
Porifera
62%
Bryozoa
54%
Chaetognatha
54%
Gnathostomulida
54%
Loricifera
54%
Nemertea
54%
Placozoa
54%
Priapulida
54%
Rotifera
54%
Cycliophora
46%
Entoprocta
46%
Gastrotricha
46%
Kinorhyncha
46%
Micrognathozoa
46%
Nematomorpha
46%
Xenacoelomorpha
46%
Dicyemida
38%
Hemichordata
38%
Phoronida
38%
No se encontraron pruebas coincidentes
Distribución de puntuación
Porcentaje de gente con cada puntuación
Porcentaje por número respondido
Historial de tus puntuaciones
No has intentado esta prueba.